000 00829nam a2200229Ii 4500
003 JO-AjNU
008 230605s9999||||xx |||||||||||||| ||und||
017 _a2006/9/2498
020 _a978-9957-07-478-4
040 _aJO-AjNU
_bara
_erda
_cJO-AjNU
041 _aara
050 1 4 _aLC4015.S25 2012
100 3 _aسويدان، أمل عبد الفتاح مؤلف/الجزار، منى محمد م.مؤلف,
_eauthor
_942745
245 0 0 _aتكنولوجيا التعليم لذوي الحاجات الخاصة
250 _aط3
264 3 1 _aعمان:دار الفكر،2012
300 _a271ص
336 _atext
_btxt
_2rdacontent
337 _aunmediated
_bn
_2rdamedia
338 _avolume
_bnc
_2rdacarrier
650 4 _aمعوقون-تعليم-وسائل سمعية و بصرية-تكنولوجيا تعليم
_942746
999 _aA18326
_c21894
_d21894